<?xml version="1.0" encoding="UTF-8"?>
<record
    xmlns:xsi="http://www.w3.org/2001/XMLSchema-instance"
    xsi:schemaLocation="http://www.loc.gov/MARC21/slim http://www.loc.gov/standards/marcxml/schema/MARC21slim.xsd"
    xmlns="http://www.loc.gov/MARC21/slim">

  <leader>01686    a2200169   4500</leader>
  <controlfield tag="003">NUST</controlfield>
  <controlfield tag="005">20230131162613.0</controlfield>
  <datafield tag="040" ind1=" " ind2=" ">
    <subfield code="c">Nust</subfield>
  </datafield>
  <datafield tag="082" ind1=" " ind2=" ">
    <subfield code="a">942,MAC</subfield>
  </datafield>
  <datafield tag="100" ind1=" " ind2=" ">
    <subfield code="a">Macaulay, Lord</subfield>
    <subfield code="9">108309</subfield>
  </datafield>
  <datafield tag="245" ind1=" " ind2=" ">
    <subfield code="a">History of England (Vol-1 &amp;2) /</subfield>
    <subfield code="c">Lord Macaulay</subfield>
  </datafield>
  <datafield tag="260" ind1=" " ind2=" ">
    <subfield code="a">London</subfield>
    <subfield code="b">Longman</subfield>
  </datafield>
  <datafield tag="300" ind1=" " ind2=" ">
    <subfield code="a">775:p.</subfield>
  </datafield>
  <datafield tag="505" ind1=" " ind2=" ">
    <subfield code="a">Vol 1: Introduction (Page-1), Conduct Of Those Who Restored The House Of Smart Unjustly Censured (Page-75), Great Change In The State Of England Since 1685 (Page-137), Death Of Charles 2 (Page-209), Whig Refugees On The Continent (Page-255), The Power Of James At The Height (Page-328), William, Prince Of Orange, His Appearance (Page-406), Consecration Of The Nuncio At The Saint James Palace (Page-460), Change In The Opinion Of The Tories Concerning The Lawfulness Of Resistance (Page-521), The Flight Of James Known: Great Agitation: The Lords Meet At Childhall (Page-599), William And Marry Proclaimed In London (Page-656), State Of Ireland At The Time Of The Revolution (Page-718),  Vol 2: The Revolution More Violent In Scotland Than In England (Page-1), Dispute In The English Parliament (Page-66), The Parliament Meets (Page-124), Williams Lands At Carrickfergus And Proceeds To Belfast (Page-183), Williams Voyage To Holland (Page-240), Opening Of The Parliament (Page-298), Foreign Policy Of William (Page-364), State Of The Court At Saint Germains (Page-424), Effects Of The Marys Death On The Continent (Page-501), Military Operation In The Netherland (Page-577), Standing Armies (Page-634), Altered Position Of The Ministry (Page-689),Trial Of Spencer Cowper (Page-740).    </subfield>
  </datafield>
  <datafield tag="650" ind1=" " ind2=" ">
    <subfield code="a">History of England</subfield>
    <subfield code="9">108275</subfield>
  </datafield>
  <datafield tag="942" ind1=" " ind2=" ">
    <subfield code="2">ddc</subfield>
    <subfield code="c">BK</subfield>
    <subfield code="k">942,MAC</subfield>
  </datafield>
  <datafield tag="999" ind1=" " ind2=" ">
    <subfield code="c">187221</subfield>
    <subfield code="d">187221</subfield>
  </datafield>
  <datafield tag="952" ind1=" " ind2=" ">
    <subfield code="0">0</subfield>
    <subfield code="1">0</subfield>
    <subfield code="2">ddc</subfield>
    <subfield code="4">0</subfield>
    <subfield code="7">0</subfield>
    <subfield code="a">MCS</subfield>
    <subfield code="b">MCS</subfield>
    <subfield code="c">GEN</subfield>
    <subfield code="d">2016-12-12</subfield>
    <subfield code="o">942,MAC</subfield>
    <subfield code="p">MCS29443</subfield>
    <subfield code="r">2016-12-08</subfield>
    <subfield code="w">2016-12-12</subfield>
    <subfield code="y">BK</subfield>
    <subfield code="z">Almirah No.60, Shelf No.5</subfield>
  </datafield>
  <datafield tag="952" ind1=" " ind2=" ">
    <subfield code="0">0</subfield>
    <subfield code="1">0</subfield>
    <subfield code="2">ddc</subfield>
    <subfield code="4">0</subfield>
    <subfield code="7">0</subfield>
    <subfield code="a">MCS</subfield>
    <subfield code="b">MCS</subfield>
    <subfield code="c">GEN</subfield>
    <subfield code="d">2016-12-12</subfield>
    <subfield code="o">942,MAC</subfield>
    <subfield code="p">MCS29445</subfield>
    <subfield code="r">2016-12-08</subfield>
    <subfield code="w">2016-12-12</subfield>
    <subfield code="y">BK</subfield>
    <subfield code="z">Almirah No.60, Shelf No.5</subfield>
  </datafield>
</record>
